|
|
|
|
| LEADER |
00000nam a2200000 a 4500 |
| 001 |
vtls008688293 |
| 003 |
SK-MaSNL |
| 005 |
20260301021653.0 |
| 008 |
240318s2005 xo dl d p 000 0 slo |
| 015 |
|
|
|a SNBA2006/04-02043
|
| 020 |
|
|
|a 8022815330
|q (brož.)
|
| 035 |
|
|
|a 9A26FEA0-D936-4F01-8F36-295680EBBDE7
|
| 035 |
|
|
|a urn:nbn:sk:snk-amkr5s
|
| 035 |
|
|
|a urn:nbn:sk:snk-am005fcb
|
| 040 |
|
|
|a SNK
|b slo
|c SNK
|e AACR2
|
| 041 |
0 |
|
|a slo
|
| 044 |
|
|
|a xo
|c SK
|
| 072 |
|
7 |
|a 621
|x Strojárstvo
|2 konspekt
|
| 080 |
|
|
|a 621.83/.85
|2 2001
|
| 080 |
|
|
|a 621.43
|2 2001
|
| 080 |
|
|
|a (075.8)
|2 2001
|
| 080 |
|
|
|a 621.82/.85
|2 2001
|
| 100 |
1 |
|
|a Marko, Ján,
|d 1945-
|4 aut
|9 5638
|
| 245 |
1 |
0 |
|a Pohony a prenosy
|c Ján Marko
|n II.
|p Mechanické a hydraulické prevody
|
| 246 |
3 |
0 |
|a Mechanické a hydraulické prevody
|
| 250 |
|
|
|a 1. vyd.
|
| 260 |
|
|
|a Vo Zvolene
|b Technická univerzita
|c 2005
|
| 300 |
|
|
|a 201 s.
|b grafy, sch., tab.
|c 29 cm
|
| 366 |
|
|
|e 60 výtl.
|
| 500 |
|
|
|a Angl.-slov. slovník
|
| 504 |
|
|
|a Bibliogr. s. 200-201
|
| 650 |
0 |
7 |
|a pohonné systémy
|2 SNKPH
|9 51036
|
| 650 |
0 |
7 |
|a prevodové mechanizmy
|2 SNKPH
|9 67636
|
| 650 |
0 |
7 |
|a hydraulické prevody
|2 SNKPH
|9 67637
|
| 655 |
|
7 |
|a učebnice vysokých škôl
|2 SNKPH
|9 70191
|
| 919 |
|
|
|a 80-228-1533-0
|
| 999 |
|
|
|c 565830
|d 567760
|
| 952 |
|
|
|a SNK
|b SNK
|y PREZ
|7 0
|p 17A0505432
|o snkSB 72109/2
|i snk2006/7035
|8 0
|0 0
|1 0
|4 0
|d 2006-04-04
|l 0
|r 2025-04-25 00:00:00
|w 2026-02-23
|
| 952 |
|
|
|a SNK
|b SNK
|y VYP
|7 0
|p 17A0505433
|o snkSB 72109/2 D1
|i snk2006/7036
|8 0
|0 0
|1 0
|4 0
|d 2006-04-04
|f 1
|l 0
|r 2016-06-30 00:00:00
|w 2026-02-23
|